000
00272nam a22001097a 4500
020
_a
978-986-97417-7-4
050
_a
863
245
_a
第二十一屆林榮三文學獎得獎作品集
_c
孫梓評.謝麗笙編輯
250
_a
初版
260
_c
2026.01
942
_2
ccl
_c
BOOK
999
_c
7703
_d
7703